| 000 | 00596nam a2200181 4500 | ||
|---|---|---|---|
| 003 | CO-ViMGA | ||
| 020 | _a978-958-8826-17-2 | ||
| 040 |
_aCO-ViMGA _bspa _cCO-ViMGA |
||
| 082 | 0 | 4 |
_a862.5 _bG17b |
| 100 | 1 |
_aGarcía Lorca, Federico, _d1898-1936 _97778 |
|
| 245 | 1 | 0 |
_aBodas de sangre / _bFederico García Lorca |
| 260 |
_aBogotá : Mundo Litográfico, _bMundo Litográfico, _c2014 |
||
| 300 |
_a95 p. : il. ; _b22 cm |
||
| 490 |
_aColección obras literarias universales ; _v11 |
||
| 500 | _aContiene datos biográficos del autor | ||
| 650 | 1 | 4 |
_aTeatro español _ySiglo XX _97779 |
| 942 |
_2ddc _cBK |
||
| 999 |
_c37791 _d37791 |
||